|
|
|
|
| LEADER |
00000nam a2200000 a 4500 |
| 001 |
vtls001381215 |
| 003 |
SK-MaSNL |
| 005 |
20260301191341.0 |
| 008 |
240226s1999 xo ap r yy slo |
| 015 |
|
|
|a SNBA2000/03-01009
|
| 020 |
|
|
|a 8071376140
|c 143,00 Sk
|
| 035 |
|
|
|a SNK000335223
|
| 035 |
|
|
|a urn:nbn:sk:snk-amtkbz
|
| 035 |
|
|
|a urn:nbn:sk:snk-am00c6w4
|
| 035 |
|
|
|a B6635422-053F-462A-9687-80030E35196E
|
| 040 |
|
|
|a SNK
|b slo
|c SNK
|e AACR2
|
| 041 |
0 |
|
|a slo
|
| 044 |
|
|
|a xo
|c SK
|
| 080 |
|
|
|a 664(075.8)
|2 1981
|
| 245 |
0 |
|
|a Hodnotenie surovín a potravín rastlinného pôvodu
|c Z. Muchová ... [et al.]
|
| 260 |
|
|
|a V Nitre
|b Slovenská poľnohospodárska univerzita
|c 1999
|
| 300 |
|
|
|a 215 s.
|b sch., tab.
|c 30 cm
|
| 500 |
|
|
|a 500 výt.
|
| 504 |
|
|
|a Bibliogr. s. 216-217
|
| 650 |
0 |
7 |
|a potraviny rastlinného pôvodu
|2 SNKPH
|9 18764
|
| 650 |
0 |
7 |
|a Suroviny rastlinného pôvodu
|2 SNK
|9 567843
|
| 655 |
|
7 |
|a učebnice vysokých škôl
|2 SNKPH
|9 70191
|
| 700 |
1 |
|
|a Muchová, Zdenka,
|d 1944-
|4 aut
|9 210852
|
| 700 |
1 |
|
|a Frančáková, Helena,
|d 1950-
|4 aut
|9 212376
|
| 700 |
1 |
|
|a Bojňanská, Tatiana,
|d 1962-
|4 aut
|9 189661
|
| 700 |
1 |
|
|a Bajči, Pavol,
|d 1927-2021
|4 aut
|9 120226
|
| 752 |
|
|
|d Nitra
|
| 919 |
|
|
|a 80-7137-614-0
|
| 958 |
|
|
|a TL
|
| 958 |
|
|
|a NB
|
| 958 |
|
|
|a UV
|
| 958 |
|
|
|a OND
|
| 999 |
|
|
|c 870739
|d 872669
|
| 952 |
|
|
|t P60, <03>, [BOOK], {603}
|a SNK
|b SNK
|y PREZ
|7 0
|p 17A0224863
|o snkSB 61329
|i snkKSP 855/2000
|0 0
|1 0
|4 0
|d 2000-01-21
|f 1
|l 0
|r 2025-04-15 00:00:00
|w 2026-02-24
|
| 952 |
|
|
|t P60, <04>, [BOOK], {604}
|a SNK
|b SNK
|y VYP
|7 0
|p 17A0224864
|o snkSB 61329 D1
|i snkKSP 856/2000
|0 0
|1 0
|4 0
|d 2000-01-21
|l 0
|r 2005-01-02 00:00:00
|w 2026-02-24
|